[Event "Australian op"]
[Site "Suncoast"]
[Date "1999.01.07"]
[Round "6"]
[White "Safarian, Alek"]
[Black "Laird, Craig"]
[Result "0-1"]
[WhiteElo "2100"]
[BlackElo "2300"]
[PlyCount "114"]
[EventDate "1999.01.??"]
[Source "ChessBase"]
[SourceDate "1999.03.01"]

{COPYRIGHT WARNING: This game has been prepared by Chess Publishing Ltd for the exclusive private use of guest users, and may not be redistributed in any way without the prior written consent of Chess Publishing Ltd.}

1. d4 Nc6 2. c4 e5 3. d5 Nce7 4. Nc3 Ng6 5. e4 Bc5 6. Nf3 d6 7. g3 c6 8. Bg2
Nf6 9. O-O cxd5 10. b4 dxe4 11. Nxe5 Bxf2+ 12. Rxf2 Nxe5 13. Nxe4 Nxe4 14. Bxe4
Qb6 15. Qe1 O-O 16. Be3 Qc7 17. c5 dxc5 18. Bxc5 Re8 19. Rc1 Bg4 20. Qe3 Rac8
21. Qf4 b6 22. Be3 Qe7 23. Rxc8 Bxc8 24. Bd4 Ng6 25. Qf3 Bg4 26. Qxg4 Qxe4 27.
Qxe4 Rxe4 28. Rd2 f6 29. Kf2 Kf7 30. a4 Ne7 31. Kf3 Re6 32. a5 Rd6 33. axb6
axb6 34. Be3 Rxd2 35. Bxd2 Ke6 36. Ke4 h5 37. h4 Kd6 38. Kd4 Kc6 39. Kc4 b5+
40. Kd3 Kd5 41. Ke3 Kc4 42. Ke4 g6 43. Bh6 Nf5 44. Bf4 Nd4 45. Bh6 Nf5 46. Bf4
Kxb4 47. Kd5 Kc3 48. Ke6 b4 49. Kxf6 b3 50. Bc1 Kc2 51. Ba3 Nd4 52. Kxg6 Nb5
53. Bc5 b2 54. Kxh5 b1=Q 55. g4 Qd1 56. Be7 Qe2 57. Bf6 Nd6 0-1

[Event "Zonal 1.5"]
[Site "Panormo"]
[Date "1998.10.26"]
[Round "3"]
[White "Mastrovasilis, Athanasios"]
[Black "Raptis, Georgios"]
[Result "0-1"]
[WhiteElo "2315"]
[BlackElo "2140"]
[PlyCount "162"]
[EventDate "1998.10.24"]
[Source "ChessBase"]
[SourceDate "1999.01.01"]

1. d4 Nc6 2. c4 e5 3. e3 exd4 4. exd4 Bb4+ 5. Nc3 Nf6 6. Qe2+ Qe7 7. Qxe7+ Kxe7
8. Nf3 Re8 9. Bd3 Kf8+ 10. Be3 d6 11. O-O-O Bxc3 12. bxc3 Bg4 13. Rdg1 h6 14.
h3 Bd7 15. g4 Ne4 16. Kc2 Na5 17. g5 h5 18. g6 f6 19. Re1 a6 20. Nh4 b5 21. c5
Nc4 22. Bxc4 bxc4 23. f3 Ng3 24. c6 Bc8 25. Rhg1 Nf5 26. Ng2 a5 27. Bc1 Ne7 28.
Nf4 Bf5+ 29. Kd1 Nxc6 30. Rxe8+ Rxe8 31. Nxh5 Bxh3 32. Nf4 Bf5 33. Rh1 Kg8 34.
Rg1 Rd8 35. Nh5 Ne7 36. Nf4 c6 37. Ba3 Nd5 38. Nxd5 cxd5 39. Kd2 Kf8 40. Rh1
Ke7 41. Rh2 Bxg6 42. Rg2 Kf7 43. Ke3 Re8+ 44. Kf4 Bh5 45. Rh2 g5+ 46. Kg3 Bg6
47. Kf2 Ke6 48. Kg3 Rb8 49. Re2+ Kd7 50. f4 gxf4+ 51. Kxf4 Rh8 52. Kg3 Bf5 53.
Rh2 Rxh2 54. Kxh2 Bb1 55. Kg3 Bxa2 56. Kf4 Bb1 57. Kg4 Bg6 58. Kf4 Kc6 59. Kg4
Kd7 60. Bc1 Ke6 61. Ba3 Bc2 62. Kf4 Bd1 63. Bc1 Bc2 64. Ba3 Kf7 65. Bxd6 Kg6
66. Kg4 Bf5+ 67. Kf4 Bd7 68. Be7 a4 69. Bb4 Kh5 70. Be7 Bc8 71. Ba3 Kh4 72. Bd6
Kh3 73. Kf3 Bf5 74. Ba3 Be4+ 75. Kf2 Kg4 76. Bb4 Bg6 77. Bd6 Bh5 78. Ke3 f5 79.
Kf2 f4 80. Ke2 Kf5+ 81. Kd2 Ke4 0-1

[Event "Avas op"]
[Site "Miskolc"]
[Date "1998.??.??"]
[Round "9"]
[White "Isepy, Jozsef"]
[Black "Mester, Gyula"]
[Result "0-1"]
[WhiteElo "2195"]
[BlackElo "2380"]
[PlyCount "77"]
[EventDate "1998.09.??"]
[Source "ChessBase"]
[SourceDate "1998.11.10"]

1. e4 Nc6 2. d4 e5 3. d5 Nce7 4. c4 d6 5. Nc3 g6 6. g3 Bg7 7. Bg2 f5 8. Nge2
Nf6 9. O-O O-O 10. f3 h6 11. Be3 Kh7 12. Rc1 c5 13. dxc6 bxc6 14. Qd2 Be6 15.
b3 Qd7 16. Rfd1 Rad8 17. Qb2 Nc8 18. Qa3 Nh5 19. exf5 gxf5 20. f4 e4 21. Nd4
Nf6 22. Bh3 Ng8 23. Qa5 Nge7 24. Rd2 c5 25. Ndb5 Nc6 26. Qc7 a6 27. Qxd7 Rxd7
28. Na3 Nd4 29. Kf2 Ne7 30. Bg2 Nec6 31. Ne2 Nxe2 32. Kxe2 Nb4 33. Rcd1 Rfd8
34. Nc2 Nxa2 35. Kf2 Nc3 36. Ra1 Ra8 37. Ra5 Bf6 38. Bf1 Bd8 39. Ra1 0-1